| 000 | 00000nam##2200000za#4500 |
| 001 | 9.613914 |
| 003 | CaOODSP |
| 005 | 20211126112847 |
| 007 | ta |
| 008 | 150406|1997||||xxc||||| f|0| 0 eng|d |
| 020 | |a0-662-25833-9 |
| 022 | |a1192-5434 |
| 040 | |aCaOODSP|beng |
| 043 | |an-cn--- |
| 086 | 1 |aFB3-2/97-11E |
| 110 | 2 |aBank of Canada. |
| 245 | 12|aA band-aid solution to inflation targeting / |cby Robert Amano et al. |
| 260 | |aOttawa - Ontario : |bBank of Canada |c1997. |
| 300 | |a23p. : |bfigs., graphs, references ; |c28 cm. |
| 490 | 1 |aWorking paper|x1192-5434|v97-11 |
| 500 | |a"This paper reviews selectively the literature on exchange rate target zones and corresponding methodologies and examines whether they can be used to analyse the inflation-control problem."--Abstract. |
| 520 | 3 |aThis paper reviews selectively the literature on exchange rate target zones and corresponding methodologies and examines whether they can be used to analyse the inflation-control problem.--Abstract |
| 546 | |aRésumés en français |
| 563 | |aSoftcover |
| 590 | |a97-25|b1997-06-20 |
| 690 | 07|aInflation|2gcpds |
| 720 | 1 |aAmano, Robert |
| 776 | 0#|tA band-aid solution to inflation targeting / |w(CaOODSP)9.571658 |
| 830 | #0|aWorking paper,|x1192-5434|v97-11|w(CaOODSP)9.514622 |